000 00321nam a22001457a 4500
008 221025b ||||| |||| 00| 0 eng d
020 _a9781592330577
041 _aeng
080 _a610.73
082 _a610.73KAR
100 _a8
101 _aINF
245 _aTHE CORE STRENGTH WORKOUT
_cKARTER K
942 _2udc
_cBK
999 _c58674
_d58674